<?xml version="1.0" encoding="UTF-8"?>
<marc:record xmlns:marc="http://www.loc.gov/MARC21/slim">
   <marc:leader>00000nam a2200000 a 4500</marc:leader>
   <marc:datafield ind1=" " ind2=" " tag="653">
      <marc:subfield code="a">Zukunft</marc:subfield>
   </marc:datafield>
   <marc:datafield ind1="0" ind2="0" tag="245">
      <marc:subfield code="a">After Earth</marc:subfield>
   </marc:datafield>
   <marc:datafield ind1=" " ind2="1" tag="264">
      <marc:subfield code="c">2013</marc:subfield>
   </marc:datafield>
   <marc:datafield ind1="1" ind2=" " tag="520">
      <marc:subfield code="a">Im Jahr 1908 stürzte auf der Erde ein mysteriöses Raumschiff ab, was letztlich nicht nur bahnbrechende technische Erkenntnisse mit sich brachte, sondern auch katastrophale Folgen für die Umwelt hatte. Die Menschheit war daraufhin gezwungen, von der Erde zu fliehen. Die Überlebenden wurden umgesiedelt. Die Familie Skylar stieg zu einer der einflussreichsten Familien überhaupt auf.</marc:subfield>
   </marc:datafield>
   <marc:datafield ind1="3" ind2=" " tag="024">
      <marc:subfield code="a">4030521730540</marc:subfield>
   </marc:datafield>
</marc:record>
